01676nas a22002417a 4500999001700000005001700017007001200034008004100046022001400087040000900101082001500110245008900125260003800214300001600252310001500268365001600283500096500299650006901264651001601333655002001349856003601369942002901405 c40828d4082820200520110917.0cz aa aaaaa200428c f||poo|||| 00| 0 eng d a2664-651X coclc a570bJOU/B aInternational Journal of Molecular Biology and Biochemistryhe-Journal (Open Access) bPrime PublicationsaDelhi, India  aPDF(online) aSemiannual eOpen Access aInternational Journal of Molecular Biology and Biochemistry is a peer reviewed, indexed, refereed and open access journal. Considers review and research articles related to molecular biology and biochemistry, Biotechnology, Genomics and Bioinformatics, Molecular Biology, Stem Cell Biology, Stem Cells & Development, Cancer stem cells, Biochemical Engineering, Bioprocess Engineering, Multipotent stem cell, Nucleus, Medical Biotechnology, Agro, Food Biotechnology, Bone Transplantation, Cells Tissues Organs, Cell Transplantation, Cytotherapy, Biomedicine, Plant biology, Phytochemistry, Cancer Stem Cells Tumor, Experimental Hematology, Transplantation lymphoma, Stem cell genomes, Embryonic stem cell, Agricultural and Medicinal plants, Crop Productivity, Reproductive Biology and Toxicology, Biochemical Toxicology, DNA Damage and Repair, Plant molecular biotechnology Fetus, Gamete, Gene, Induced pluripotent stem cell, Passage, Totipotent stem cell, etc. 092322aNatural sciences & mathematicsvLife sciences; biology 092254aIndia 092257ae-Journal uhttp://www.biologyjournals.net/ 2ddccEJh570k570mJOU/B